| 000 | 00442nam a2200157 i 4500 | ||
|---|---|---|---|
| 001 | 67978 | ||
| 003 | ES-MaACL | ||
| 005 | 20230906170200.0 | ||
| 007 | t| | ||
| 008 | 040217s1961 sp ||||1| spa d | ||
| 100 | 1 |
_aGallego Tato, Juan María. _953588 |
|
| 245 | 1 | 4 |
_aLos hombres pueden ser dioses / _cJuan María Gallego Tato. |
| 260 |
_aMadrid, etc. : _bCelta, _c1961. |
||
| 300 |
_a82 p. ; _c18 cm. |
||
| 852 |
_aES-MaACL _jC-20186 _bR.48107 |
||
| 999 |
_c67978 _d67978 |
||